|
|
|
|
| LEADER |
00758nam a2200205 4500 |
| 001 |
c000311384 |
| 003 |
CARM |
| 005 |
00000000000000.0 |
| 008 |
910902s1933 enk 0001 eng S |
| 019 |
1 |
|
|a 8796483
|z 27129366
|5 LACONCORD2021
|
| 035 |
|
|
|a (OCoLC)2529341
|5 LACONCORD2021
|
| 100 |
1 |
|
|a Money, Leo George Chiozza,
|c Sir.
|
| 245 |
0 |
0 |
|a Product money :
|b a sequel to riches and poverty.
|
| 260 |
|
|
|a Lond. :
|b Methuen,
|c [1933]
|
| 300 |
|
|
|a xv, 172p.
|
| 650 |
|
0 |
|a Currency question
|z Great Britain.
|
| 852 |
8 |
|
|b CARM
|h A3:AD18A0
|i A05498
|p 0474038
|f BK
|
| 082 |
0 |
4 |
|a 339.50941
|
| 999 |
f |
f |
|i 8570a74b-bc1f-5fa1-8ada-1c210f009668
|s c785bd9a-7a8d-5182-a077-e21dec25b420
|
| 952 |
f |
f |
|p Can circulate
|a CAVAL
|b CAVAL
|c CAVAL
|d CARM 1 Store
|e A05498
|f A3:AD18A0
|h Other scheme
|i book
|m 0474038
|